000 00731nam a2200193Ii 4500
003 JO-AjNU
008 230605s9999||||xx |||||||||||||| ||und||
040 _aJO-AjNU
_bara
_erda
_cJO-AjNU
041 _aara
050 1 4 _aPJ7860.A37.A16 1900
100 3 _aتأليف الرافعي،مصطفى صادق ؛ إعداد خليل الهنداوي ؛ عمر الدقاق,
_eauthor
_920370
245 0 0 _aالمقتبس من وحي القلم: دراسة ومختارات
264 3 1 _aبيروت:دار الشرق العربي،1900
300 _a158ص
336 _atext
_btxt
_2rdacontent
337 _aunmediated
_bn
_2rdamedia
338 _avolume
_bnc
_2rdacarrier
650 4 _aالأدب العربي - تحليل ونقد
_920371
999 _aA6893
_c10461
_d10461